000 00411 a2200169 4500
001 188679
020 _a978-85-08-08326-8
040 _cMagnum
100 _aCarrasco, Walcyr
240 1 0 _aO golpe do aniversariante e outras crônicas
_lpor
245 1 0 _aO golpe do aniversariante e outras crônicas
300 _a128
362 0 _a2007
440 1 _aÁtica
697 _aLITERATURA JUVENIL
942 _cBK
999 _c188679
_d188679